Barbarie y memoria; fragmentos literarios del holocausto y de la dictadura militar /
Guardado en:
| Autor Principal: | |
|---|---|
| Formato: | Libro |
| Publicado: |
Buenos Aires :
Instituto Movilizador de Fondos Cooperativos,
2000
|
| Etiquetas: |
Agregar Etiqueta
Sin Etiquetas, Sea el primero en etiquetar este registro!
|
| LEADER | 00495nam a22001455a 4500 | ||
|---|---|---|---|
| 001 | CEM.cems010799 | ||
| 005 | 20060214000000.0 | ||
| 008 | 130507s2000##################000#0#####d | ||
| 003 | CEMS | ||
| 082 | 0 | 4 | |a A864.4 |
| 100 | 1 | |a Fingueret, Manuela | |
| 245 | 1 | 0 | |a Barbarie y memoria; fragmentos literarios del holocausto y de la dictadura militar / |
| 260 | |a Buenos Aires : |b Instituto Movilizador de Fondos Cooperativos, |c 2000 | ||
| 300 | |a 125 p.1 | ||
| 859 | |a CEMS |b BIB. CEMS - 11 de abril |h A864.4 |i F494 |p 21475.01 |t Ej.1 | ||
